INTRODUCCION A LA SOCIOLOGIA (Registro nro. 43140)
[ vista simple ]
| 000 -LEADER | |
|---|---|
| fixed length control field | 00611nam a2200193 a 4500 |
| 001 - CONTROL NUMBER | |
| control field | 43140 |
| 005 - DATE AND TIME OF LATEST TRANSACTION | |
| control field | 20180714021546.0 |
| 008 - FIXED-LENGTH DATA ELEMENTS--GENERAL INFORMATION | |
| fixed length control field | 140415s1996 sp 000 0 spa d |
| 020 ## - INTERNATIONAL STANDARD BOOK NUMBER | |
| International Standard Book Number | 8431313919 |
| 041 ## - LANGUAGE CODE | |
| Language code of text/sound track or separate title | spa |
| 082 ## - DEWEY DECIMAL CLASSIFICATION NUMBER | |
| Classification number | 301 |
| Item number | LUC |
| 100 1# - MAIN ENTRY--PERSONAL NAME | |
| Personal name | LUCAS MARÍN, ANTONIO |
| 245 10 - TITLE STATEMENT | |
| Title | INTRODUCCION A LA SOCIOLOGIA |
| 250 ## - EDITION STATEMENT | |
| Edition statement | 4ed. |
| 260 ## - PUBLICATION, DISTRIBUTION, ETC. | |
| Place of publication, distribution, etc. | ESPAÑA : |
| Name of publisher, distributor, etc. | EUNSA, |
| Date of publication, distribution, etc. | 1996 |
| 300 ## - PHYSICAL DESCRIPTION | |
| Extent | 206 |
| Dimensions | x 15 x 22 |
| 520 ## - SUMMARY, ETC. | |
| Summary, etc. | ESTE ESTUDIO NECESITA UN MÉTODO Y UN VOCABULARIO , AMBOS QUIEREN DESCRIBIR Y ABARCAR LOS MÚLTIPLES ASPECTOS ENGLOBADOS EN NUESTRO MUNDO SOCIAL |
| 650 14 - SUBJECT ADDED ENTRY--TOPICAL TERM | |
| Topical term or geographic name entry element | SOCIOLOGIA |
| Withdrawn status | Lost status | Source of classification or shelving scheme | Damaged status | Not for loan | Collection code | Home library | Current library | Shelving location | Date acquired | Source of acquisition | Inventory number | Total Checkouts | Full call number | Barcode | Date last seen | Date last checked out | Price effective from | Koha item type |
|---|---|---|---|---|---|---|---|---|---|---|---|---|---|---|---|---|---|---|
| Dewey Decimal Classification | General | Biblioteca Karol Wojtyla | Biblioteca Karol Wojtyla | Sala general | 03/12/2013 | Compra | 151000000000000000058133 | 301 LUC | 64961 | 05/01/2026 | 17/10/2017 | 03/12/2013 | Libro | |||||
| Dewey Decimal Classification | General | Biblioteca Karol Wojtyla | Biblioteca Karol Wojtyla | Sala general | 03/12/2013 | Compra | 151000000000000000058134 | 1 | 301 LUC | 64962 | 05/01/2026 | 12/02/2019 | 03/12/2013 | Libro |